00866nam a2200229Ia 4500003000900000008004100009020001800050040001600068080001900084245016100103260003600264300001400300650004100314650003200355650003500387700002800422700002900450700003000479942000700509999001700516952010300533IN-BaIIA211028s9999 xx 000 0 eng d a0-8243-0930-8 cIIA Library a(05)52bANN-31 0aAnnual review of astronomy and astrophysicsbvol. 31cedited by Geoffrey Burbidge, David Layzer and Allan Sandage  aPalo AltobAnnual Reviewsc1993 avi, 787p. aAstronomy and astrophysics thesaurus aAstronomy-Periodicals94087 aAstrophysics-Periodicals94088 aBurbidge, Geoffrey, ed. aLayzer, David, ed.94091 aSandage, Allan, ed.99048 cBK c10842d10842 00104070aBANbBANcGENd1993-11-17l0o(05)52/ ANN-31p11754r2021-11-05w1993-11-17yBK 62.00